| 000 | 00941nam a22002177a 4500 | ||
|---|---|---|---|
| 008 | 100408s2004le||||gr|||| 001 0 ara d | ||
| 020 | _a9953450404 | ||
| 082 |
_222 _a297.242 _bب ل ق |
||
| 100 |
_913388 _aبلقزيز،عبد الإله |
||
| 245 |
_aالدولة فى الفكر الإسلامى المعاصر _cعبد الإله بلقزيز |
||
| 250 | _aط2 | ||
| 260 |
_a:بيروت _bمركز دراسات الوحدة العربية ،2004. _c2004. |
||
| 300 |
_a307؛ص _c24سم. |
||
| 504 | _aيحتوى على ببليوجرافيه ص 278-300 و كشاف | ||
| 650 |
_913389 _aالديمقراطية |
||
| 650 |
_913370 _aالإسلام والسياسة |
||
| 650 |
_913359 _aالشورى |
||
| 650 |
_913391 _aالخلافة |
||
| 942 |
_2ddc _cBB |
||
| 999 |
_c13861 _d13861 |
||